Land law (Record no. 103534)
[ view plain ]
| 000 -LEADER | |
|---|---|
| fixed length control field | 01660cam a2200445 4500 |
| 008 - FIXED-LENGTH DATA ELEMENTS--GENERAL INFORMATION | |
| fixed length control field | 040426n2004 000 0 eng u |
| 020 ## - INTERNATIONAL STANDARD BOOK NUMBER | |
| International Standard Book Number | 0421792604 |
| 035 ## - SYSTEM CONTROL NUMBER | |
| System control number | (Sirsi) u125976 |
| 041 ## - LANGUAGE CODE | |
| Language code of text/sound track or separate title | eng |
| 050 ## - LIBRARY OF CONGRESS CALL NUMBER | |
| Classification number | 346.41043 |
| -- | 18 |
| 100 ## - MAIN ENTRY--PERSONAL NAME | |
| Personal name | Gravells, Nigel P. |
| 245 ## - TITLE STATEMENT | |
| Title | Land law |
| Remainder of title | text and materials |
| 250 ## - EDITION STATEMENT | |
| Edition statement | 3rd ed. |
| 260 ## - PUBLICATION, DISTRIBUTION, ETC. | |
| Place of publication, distribution, etc. | London |
| Name of publisher, distributor, etc. | Sweet and Maxwell |
| Date of publication, distribution, etc. | 2004 |
| 300 ## - PHYSICAL DESCRIPTION | |
| Extent | li, 1080p. |
| Dimensions | 24cm. |
| 350 ## - PRICE (NR) (BK AM CF MU VM SE) [OBSOLETE] | |
| Price | 30.95 |
| 505 ## - FORMATTED CONTENTS NOTE | |
| Formatted contents note | Introductory topics |
| 505 ## - FORMATTED CONTENTS NOTE | |
| Formatted contents note | Title deeds conveyancing |
| 505 ## - FORMATTED CONTENTS NOTE | |
| Formatted contents note | Registration of title |
| 505 ## - FORMATTED CONTENTS NOTE | |
| Formatted contents note | Trusts of Land |
| 505 ## - FORMATTED CONTENTS NOTE | |
| Formatted contents note | Leases |
| 505 ## - FORMATTED CONTENTS NOTE | |
| Formatted contents note | Licences and propietary estoppel |
| 505 ## - FORMATTED CONTENTS NOTE | |
| Formatted contents note | Easements |
| 505 ## - FORMATTED CONTENTS NOTE | |
| Formatted contents note | Covenants affecting freehold land |
| 505 ## - FORMATTED CONTENTS NOTE | |
| Formatted contents note | Mortgages of land |
| 520 ## - SUMMARY, ETC. | |
| Summary, etc. | This title is designed to fulfil the roles of both land law textbook and land law cases and materials book, enabling readers to examine topics in depth whilst reducing the need to refer to more than one information source. This edition incorporates the latest legislative developments, including the Land Registration Act 2002. The author also examines the provisional recommendations contained in relevant Law Commission reports and consultation papers, the most recent of which is the Law Commission Consultation Paper on Termination of Tenancies for Tenant Default. |
| 650 ## - SUBJECT ADDED ENTRY--TOPICAL TERM | |
| Topical term or geographic name entry element | COMMONHOLD |
| 650 ## - SUBJECT ADDED ENTRY--TOPICAL TERM | |
| Topical term or geographic name entry element | LAND LAW |
| 650 ## - SUBJECT ADDED ENTRY--TOPICAL TERM | |
| Topical term or geographic name entry element | TRUSTS |
| 650 ## - SUBJECT ADDED ENTRY--TOPICAL TERM | |
| Topical term or geographic name entry element | LICENCES |
| 650 ## - SUBJECT ADDED ENTRY--TOPICAL TERM | |
| Topical term or geographic name entry element | LEASES |
| 650 ## - SUBJECT ADDED ENTRY--TOPICAL TERM | |
| Topical term or geographic name entry element | EASEMENTS |
| 650 ## - SUBJECT ADDED ENTRY--TOPICAL TERM | |
| Topical term or geographic name entry element | FREEHOLD |
| 650 ## - SUBJECT ADDED ENTRY--TOPICAL TERM | |
| Topical term or geographic name entry element | MORTGAGES |
| 650 ## - SUBJECT ADDED ENTRY--TOPICAL TERM | |
| Topical term or geographic name entry element | CONVEYANCING |
| 650 ## - SUBJECT ADDED ENTRY--TOPICAL TERM | |
| Topical term or geographic name entry element | TITLE |
| 650 ## - SUBJECT ADDED ENTRY--TOPICAL TERM | |
| Topical term or geographic name entry element | COVENANTS |
| 690 ## - LOCAL SUBJECT ADDED ENTRY--TOPICAL TERM (OCLC, RLIN) | |
| Topical term or geographic name as entry element | PROPERTY |
| 942 ## - ADDED ENTRY ELEMENTS (KOHA) | |
| Suppress in OPAC | 0 |
| Withdrawn status | Lost status | Source of classification or shelving scheme | Damaged status | Not for loan | Home library | Current library | Shelving location | Date acquired | Cost, normal purchase price | Total Checkouts | Full call number | Barcode | Date last seen | Date last checked out | Copy number | Cost, replacement price | Price effective from | Koha item type |
|---|---|---|---|---|---|---|---|---|---|---|---|---|---|---|---|---|---|---|
| Dewey Decimal Classification | London | London | Books | 18/11/2004 | 30.95 | 8 | 346.41043 | 30069680 | 06/08/2019 | 05/02/2010 | 1 | 30.95 | 06/08/2019 | Book |